Your food and your home / (Record no. 131673)
[ view plain ]
| 000 -LEADER | |
|---|---|
| fixed length control field | 00769nam a22002537a 4500 |
| 005 - DATE AND TIME OF LATEST TRANSACTION | |
| control field | 20170124110132.0 |
| 010 ## - LIBRARY OF CONGRESS CONTROL NUMBER | |
| LC control number | A-902642 |
| 020 ## - INTERNATIONAL STANDARD BOOK NUMBER | |
| Terms of availability | 50.00 |
| International Standard Book Number | 8170143322 |
| 035 ## - SYSTEM CONTROL NUMBER | |
| System control number | A-902642 |
| 037 ## - SOURCE OF ACQUISITION | |
| Source of stock number/acquisition | Cen Lib/Ret |
| 040 ## - CATALOGING SOURCE | |
| Original cataloging agency | DPL |
| Language of cataloging | EN |
| 082 ## - DEWEY DECIMAL CLASSIFICATION NUMBER | |
| Classification number | 640 |
| Item number | MAL |
| 100 ## - MAIN ENTRY--PERSONAL NAME | |
| Personal name | Malhan, Surjit |
| 9 (RLIN) | 32445 |
| 245 ## - TITLE STATEMENT | |
| Title | Your food and your home / |
| Statement of responsibility, etc | by Surjit Malhan, Sharda Gupta [and] Santosh Passi |
| 260 ## - PUBLICATION, DISTRIBUTION, ETC. (IMPRINT) | |
| Place of publication, distribution, etc | New Delhi |
| Name of publisher, distributor, etc | Sultan Chand and Sons |
| 270 ## - ADDRESS | |
| City | New Delhi |
| Address | 23, dariya ganj |
| Postal code | 110002 |
| 300 ## - PHYSICAL DESCRIPTION | |
| Extent | 305p.: |
| Dimensions | 21m(Hb) |
| Other physical details | ill. |
| 500 ## - GENERAL NOTE | |
| General note | Includes appendix |
| 650 ## - SUBJECT ADDED ENTRY--TOPICAL TERM | |
| Topical term or geographic name as entry element | Health science |
| 9 (RLIN) | 16285 |
| 650 ## - SUBJECT ADDED ENTRY--TOPICAL TERM | |
| Topical term or geographic name as entry element | Meal planning |
| Geographic subdivision | |
| 9 (RLIN) | 32446 |
| 700 ## - ADDED ENTRY--PERSONAL NAME | |
| Personal name | Gupta, Sharda |
| 9 (RLIN) | 32447 |
| 700 ## - ADDED ENTRY--PERSONAL NAME | |
| Personal name | Passi, Santosh |
| 9 (RLIN) | 32448 |
| 942 ## - ADDED ENTRY ELEMENTS (KOHA) | |
| Source of classification or shelving scheme | Dewey Decimal Classification |
| Koha item type | English Books |
| Classification part | 640 |
| Call number suffix | MAL |
| Withdrawn status | Lost status | Damaged status | Not for loan | Home library | Current library | Date acquired | Source of acquisition | Cost, normal purchase price | Total Checkouts | Full call number | Barcode | Date last seen | Copy number | Cost, replacement price | Price effective from | Koha item type |
|---|---|---|---|---|---|---|---|---|---|---|---|---|---|---|---|---|
| Withdrawn | Central Library | Central Library | 15/07/2015 | Cen Lib/Ret | 50.00 | 640 MAL | A-902642 | 15/07/2015 | 1 | 50.00 | 15/07/2015 | English Books |
